Statistics for Muslim Countries of the World in 1500 with a Map

Click here to take the quiz!

General Stats

  • This quiz has been taken 1,872 times
  • The average score is 18 of 77

Answers on the Map

Answers color-coded by a green-red scale on the quiz's map according to % correct below.
 

Answer Stats

Answer% Correct
Ottoman Empire
91%
Crimea
76%
Oman
74%
Yemen
67%
Maldives
66%
Mali Empire
61%
Tunis
61%
Bengal
59%
Mamluks
58%
Brunei
56%
Morocco
56%
Delhi
50%
Malacca
47%
Uyghuristan
44%
Hormuz
42%
Great Horde
41%
Gujarat
41%
Timurid Empire
(Kabul)
41%
Kazakh Khanate
40%
Marrakech
37%
Kazan
35%
Sindh
34%
Timurid Empire
(Herat)
34%
Uzbek Khanate
32%
Astrakhan
31%
Songhai Empire
31%
Tlemcen
29%
Nogai Horde
27%
Aq Qoyunlu
25%
Timurid Empire
(Balkh)
25%
Shirvan
24%
Sibir
22%
Adal
19%
Kilwa
19%
Kano
18%
Bornu Empire
17%
Dulkadir
16%
Ramadanids
15%
Ajuran
13%
Moghulistan
13%
Malwa
12%
Tetouan
12%
Warsangali
12%
Bahmani
11%
Mahra
11%
Pagaruyung
11%
Bijapur
10%
Agadez
9%
Ahmadnagar
8%
Bani Khalid
8%
Banu Sulaym
8%
Cirebon
8%
Demak
8%
Diriyah
8%
Katsina
8%
Samudera Pasai
8%
Tarki
8%
Chefchaouen
7%
Makran
7%
Saadis
7%
Berar
6%
Bidar
6%
Dhufar
6%
Kathiri
6%
Zazzau
5%
Afrasiyab
4%
Debdou
4%
Lamuri
4%
Marashiyan
4%
Meggeo
4%
Siantar
4%
Yauri
4%
Zamfara
4%
Alksar
3%
Biram
3%
Dutse
3%
Hatorusan
3%

Score Distribution

Percentile by Number Answered

Percent of People with Each Score

Your Score History

You have not taken this quiz